Catálogo público

Agrociencia 2018 / (Record no. 171375)

MARC details
000 -CABECERA
campo de control de longitud fija 01541nas a2200433 a 4500
001 - NÚMERO DE CONTROL
campo de control dia_825
003 - IDENTIFICADOR DEL NÚMERO DE CONTROL
campo de control CHAP
005 - FECHA Y HORA DE LA ÚLTIMA TRANSACCIÓN
campo de control 20260209101203.0
007 - CAMPO FIJO DE DESCRIPCIÓN FÍSICA--INFORMACIÓN GENERAL
campo de control de longitud fija ta
008 - DATOS DE LONGITUD FIJA--INFORMACIÓN GENERAL
campo de control de longitud fija 220117s2018 mx zr g|r 000 00spa d
010 ## - NÚMERO DE CONTROL DE LA BIBLIOTECA DEL CONGRESO
Número de control de LC 171375
022 0# - NÚMERO INTERNACIONAL NORMALIZADO PARA PUBLICACIONES SERIADAS
Número Internacional Normalizado para Publicaciones Seriadas 1405-3195
040 ## - FUENTE DE LA CATALOGACIÓN
Centro/agencia transcriptor CHAP
Centro catalogador/agencia de origen mxchpua
Normas de descripción rda
041 1# - CÓDIGO DE LENGUA
Código de lengua del texto/banda sonora o título independiente eng
Código de lengua original spa
110 1# - ENTRADA PRINCIPAL--NOMBRE DE ENTIDAD CORPORATIVA
Nombre de entidad corporativa o nombre de jurisdicción como elemento de entrada SAGARPA.
Unidad subordinada Colegio de Posgraduados
9 (RLIN) 191588
210 1# - TÍTULO ABREVIADO
Fuente CHAP
Título abreviado Agrociencia
222 ## - TÍTULO CLAVE
Título clave Agrociencia
245 10 - MENCIÓN DE TÍTULO
Título Agrociencia 2018 /
Mención de responsabilidad, etc. SAGARPA. Colegio de Posgraduados
300 ## - DESCRIPCIÓN FÍSICA
Extensión 8 volúmenes :
Otras características físicas ilustraciones, mapas, gráficas, diagramas, tablas, fotos
310 ## - PERIODICIDAD ACTUAL
Periodicidad actual 45 días
504 ## - NOTA DE BIBLIOGRAFÍA, ETC.
Nota de bibliografía, etc. Incluye bibliografías
505 0# - NOTA DE CONTENIDO CON FORMATO
Nota de contenido con formato Volumen 52, Número 1
505 0# - NOTA DE CONTENIDO CON FORMATO
Nota de contenido con formato Volumen 52, Número 2
505 0# - NOTA DE CONTENIDO CON FORMATO
Nota de contenido con formato Volumen 52, Número 3
505 0# - NOTA DE CONTENIDO CON FORMATO
Nota de contenido con formato Volumen 52, Número 4
505 0# - NOTA DE CONTENIDO CON FORMATO
Nota de contenido con formato Volumen 52, Número 5
505 0# - NOTA DE CONTENIDO CON FORMATO
Nota de contenido con formato Volumen 52, Número 6
505 0# - NOTA DE CONTENIDO CON FORMATO
Nota de contenido con formato Volumen 52, Número 7
505 0# - NOTA DE CONTENIDO CON FORMATO
Nota de contenido con formato Volumen 52, Número 8
520 0# - SUMARIO, ETC.
Sumario, etc. Volumen 52, Número 3
Identificador Uniforme del Recurso <a href="https://chapingo.koha.es/cgi-bin/koha/opac-detail.pl?biblionumber=173683">https://chapingo.koha.es/cgi-bin/koha/opac-detail.pl?biblionumber=173683</a>
521 ## - NOTA DE PÚBLICO DESTINATARIO
Nota de público destinatario Al público agronómico
530 ## - NOTA DE FORMATO FÍSICO ADICIONAL DISPONIBLE
Nota de formato físico adicional disponible Disponible en formato electrónico
546 ## - NOTA DE LENGUA/LENGUAJE
Nota de lengua/lenguaje Totalmente bilingüe / Fully bilingual
650 13 - PUNTO DE ACCESO ADICIONAL DE MATERIA--TÉRMINO DE MATERIA
Término de materia o nombre geográfico como elemento de entrada Agronomía
9 (RLIN) 149014
Fuente del encabezamiento o término atg
710 1# - PUNTO DE ACCESO ADICIONAL--NOMBRE DE ENTIDAD CORPORATIVA
Nombre de entidad corporativa o nombre de jurisdicción como elemento de entrada SAGARPA.
Unidad subordinada Colegio de Posgraduados
9 (RLIN) 191588
856 40 - LOCALIZACIÓN Y ACCESO ELECTRÓNICOS
Identificador Uniforme del Recurso <a href="https://chapingo.koha.es/cgi-bin/koha/opac-detail.pl?biblionumber=171310">https://chapingo.koha.es/cgi-bin/koha/opac-detail.pl?biblionumber=171310</a>
Texto de enlace PRINCIPAL
856 40 - LOCALIZACIÓN Y ACCESO ELECTRÓNICOS
Identificador Uniforme del Recurso <a href="https://chapingo.koha.es/cgi-bin/koha/opac-detail.pl?biblionumber=173683">https://chapingo.koha.es/cgi-bin/koha/opac-detail.pl?biblionumber=173683</a>
Texto de enlace AGROCIENCIA 2018
942 ## - ELEMENTOS DE PUNTO DE ACCESO ADICIONAL (KOHA)
Tipo de ítem Koha Publicaciones seriadas
Fuente del sistema de clasificación o colocación Clasificación Universidad Autónoma de Chapingo
Holdings
Estado de retiro Estado de pérdida Fuente del sistema de clasificación o colocación Estado dañado Restricciones de uso No para préstamo Código de colección Localización permanente Ubicación/localización actual Fuente de adquisición Número de inventario Total de préstamos Fecha visto por última vez Tipo de ítem Koha
    Clasificación Universidad Autónoma de Chapingo   Préstamo interno   Publicaciones seriadas Ingenieria Agroindustrial Ingenieria Agroindustrial Donación Donación   18/01/2022 Publicaciones seriadas